| 000 | 00485nam a2200169 i 4500 | ||
|---|---|---|---|
| 001 | 101031 | ||
| 003 | ES-MaACL | ||
| 005 | 20250828063249.0 | ||
| 007 | t| | ||
| 008 | 051011s1906 fr ||||1| fre d | ||
| 100 | 1 |
_aMauclair, Camille, _d1872-1945 _979178 |
|
| 245 | 1 | 0 |
_aTrois crises de l'art actuel / _cCamille Mauclair. |
| 260 |
_aParis : _b[s.n.], _c1906 ( _fImp. Deslis) |
||
| 300 |
_aXIII, 326 p. ; _c19 cm. |
||
| 852 |
_aES-MaACL _jF-11030 |
||
| 999 |
_c101031 _d101031 |
||